1942 1300 1896 1819 1681 1820 1765 1516 1281 1468 1361 1357 1942 1132 1871 1232 1501 1256 1430 1558 1682 1987 1137 1431 1321 1841 1400 1692 1930 1742 1942 1613 1507 1841 1945 1047 1775 1072 1536 1332 1403 1540 1371 1144 1056 1101 1860 1442 1583 1303 1680 1153 1384 1368 1730 1778 1873 1936 1550 1544 1966 1606 1359 1192 1329 1470 1846 1465 1850 1150 1532 1712 1246 1648 1727 1403 1837 1518 1055 1138 1205 1394 1232 1281 1692 1661 1359 1629 1020 1402 1469 1441 1814 1501 1669 1255 1247 1926 1508 BCNSPRNW ULIB Ver.6.0+V

เปลี่ยนเป็นภาษาไทย

Change to English
 แสดงรายละเอียดบรรณานุกรม
  กลับหน้าหลัก

Brief Record : Get Marc (ISO 2709) : E-mail record : QR code < ปิดหน้าต่าง
LEADER : 00000nam 2200000uu 4500
001    13399121054
003     ULIB
008    121101s2551||||th 000 0 tha d
020    ^a9789749491676
050 04 ^aH62^bพ769ว
100 0  ^aพิสณุ ฟองศรี
245 10 ^aวิจัยชั้นเรียน :^bหลักการและเทคนิคปฏิบัติ /^cพิสณุ ฟองศรี
250    ^aพิมพ์ครั้งที่ 5
260    ^aกรุงเทพฯ :^bพรอพเพอร์ตี้พริ้นท์,^c2551
300    ^a254 หน้า :^bตาราง
504    ^aบรรณานุกรม: หน้า [213]-217
650  7 ^aวิจัยเชิงปฏิบัติการทางการศึกษา
650  7 ^aชั้นเรียน^xวิจัย
945    ^p180^l0^i16481
995    ^aทศพร
999    ^aทศพร เกษรทอง
รายการนี้ยังไม่มีแท็ก
คุณยังไม่ได้ล็อกอิน คุณสามารถมีกิจกรรมร่วมกับเว็บไซต์ได้ แต่ต้องล็อกอินก่อน ::
  ล็อกอิน

รายการสื่อสารสนเทศ

ลำดับที่ ประเภท เลขเรียก/บาร์โค้ด สถานที่ สถานะ
1. วิทยาศาสตร์การแพทย์ และสุขภาพ
วิทยาศาสตร์การแพทย์ และสุขภาพ
H62 พ769ว ฉ.1 
  Barcode: 16481
ห้องสมุดวิทยาเขตสวรรค์ประชารักษ์
►หนังสือทั่วไป
บนชั้น

รายการใกล้เคียง
    ผู้แต่ง [พิสณุ ฟองศรี]

    หัวเรื่อง [วิจัยเชิงปฏิบัติการทางการศึกษา]

BibComment


ยังไม่เคยถูกคอมเมนท์

คอมเมนท์ทรัพยากรรายการนี้
  คอมเมนท์: วิจัยชั้นเรียน ..


 Copyright 2026. Bcnsprnw @Library